Statistics for Guess the Language by "Hello"

Click here to take the quiz!

General Stats

  • This quiz has been taken 75 times
    (49 since last reset)
  • The average score is 6 of 15

Answer Stats

"Hello"Language% Correct
BonjourFrench
95%
ПриветRussian
95%
AlohaHawaiian
84%
Здравейте
Bulgarian
51%
สวัสดีThai
51%
হ্যালোBangla
46%
ЗдравоMacedonian / Serbian
41%
ہیلوUrdu
38%
добры дзеньBelarusian
32%
SalveLatin
22%
HabariSwahili
22%
SalutonEsperanto
14%
Sawubona
Zulu
8%
MhoroShona
5%
HaloSundanese
3%

Score Distribution

Percentile by Number Answered

Percent of People with Each Score

Your Score History

You have not taken this quiz since the last reset